Marketingové vzťahy so zákazníkmi aj ako prejav spoločensky zodpovedného správania sa firiem
Gespeichert in:
| 1. Verfasser: | |
|---|---|
| Format: | Buchkapitel |
| Sprache: | Englisch |
| Schlagworte: | |
| Tags: |
Keine Tags, Fügen Sie das erste Tag hinzu!
|
MARC
| LEADER | 00000naa$a2200000$$$4500 | ||
|---|---|---|---|
| 001 | 0067389 | ||
| 005 | 20240502071817.3 | ||
| 041 | 0 | |a eng | |
| 044 | |a SK | ||
| 245 | 1 | 0 | |a Marketingové vzťahy so zákazníkmi aj ako prejav spoločensky zodpovedného správania sa firiem |c Štefan Majtán |
| 500 | |a Abstrakt | ||
| 610 | 2 | 0 | |a marketing |
| 610 | 2 | 0 | |a zákazníci |
| 610 | 2 | 0 | |a starostlivosť o zákazníkov |
| 610 | 2 | 0 | |a zodpovednosť spoločenská |
| 100 | 1 | |a Majtán, Štefan | |